000 00656nas a2200229 a 4500
001 000473214
003 AM-YeHGA
005 20250617133921.0
008 060203c19679999nyuwrzp 0 0arm d
040 _aAM-YeHGA
041 0 _aarm
222 0 _aԶվարթնոց
245 0 0 _aԶվարթնոց :
_bՇաբաթաթերթ Ս. Խաչ Հայաստանեայց եկեղեցու.
260 _aՆյու-Յորք :
_bԱ.հ.,
_c1967-.
300 _aհամար
310 _aՇաբաթական
362 0 _a1967-
650 0 4 _aԱմսագիր
650 1 4 _aՀայոց եկեղեցի
_vՊարբերականներ
942 _2udc
_cCR
090 _c174715
999 _c173274
_d173274